[Event "NAYCC U16"]
[Site "Kingston CAN"]
[Date "2019.08.16"]
[Round "1.2"]
[White "Talukdar, Rohan"]
[Black "Tinica, Gabriel"]
[Result "1-0"]
[WhiteElo "2399"]
[BlackElo "1776"]
[PlyCount "117"]
[EventDate "2019.08.16"]
[EventType "swiss"]
[EventRounds "9"]
[EventCountry "CAN"]

1. e4 c5 2. Nf3 Nc6 3. d4 cxd4 4. Nxd4 g6 5. c4 Bg7 6. Nc2 d6 7. Be2 Nf6 8. Nc3
O-O 9. O-O a5 10. Be3 Nd7 11. Qd2 Nc5 12. Bh6 Qb6 13. Bxg7 Kxg7 14. b3 Be6 15.
Kh1 f5 16. exf5 Bxf5 17. Ne3 Ne5 18. f4 Nc6 19. Nxf5+ Rxf5 20. Nd5 Qd8 21. Ne3
Rf7 22. f5 Ne5 23. fxg6 Rxf1+ 24. Rxf1 hxg6 25. Qd4 Qg8 26. Ng4 Qe6 27. Bf3 Rf8
28. Re1 Ncd7 29. Nxe5 dxe5 30. Qe4 b6 31. h3 Qf6 32. Bg4 e6 33. Qc6 Nc5 34.
Qc7+ Rf7 35. Qxe5 Qxe5 36. Rxe5 Rf2 37. Re2 Rf1+ 38. Kh2 Kf6 39. Kg3 Rc1 40.
Rf2+ Ke5 41. Kh4 a4 42. Re2+ Kd4 43. bxa4 Rxc4 44. Kg5 e5 45. Kxg6 e4 46. Kf5
e3 47. h4 Kd3 48. Rb2 Rxa4 49. Rxb6 Rxa2 50. Rd6+ Kc4 51. g3 Rf2+ 52. Ke5 e2
53. Bxe2+ Rxe2+ 54. Kf4 Nd3+ 55. Kf5 Re5+ 56. Kg6 Nf2 57. Rf6 Nh3 58. Rf3 Ng1
59. Ra3 1-0

[Event "NAYCC U16"]
[Site "Kingston CAN"]
[Date "2019.08.16"]
[Round "2.153"]
[White "Surya, Benito"]
[Black "Talukdar, Rohan"]
[Result "0-1"]
[WhiteElo "1920"]
[BlackElo "2399"]
[PlyCount "54"]
[EventDate "2019.08.16"]
[EventType "swiss"]
[EventRounds "9"]
[EventCountry "CAN"]

1. e4 c5 2. Nf3 d6 3. d4 cxd4 4. Nxd4 Nf6 5. Nc3 a6 6. Bc4 e6 7. Bb3 b5 8. Qf3
Qc7 9. Bg5 Be7 10. O-O-O O-O 11. Rhe1 Nbd7 12. Qg3 Nc5 13. e5 dxe5 14. Qxe5 Bd6
15. Qe2 Bf4+ 16. Bxf4 Qxf4+ 17. Kb1 Nxb3 18. Nxb3 Bb7 19. Rd4 Qxh2 20. g3 Qg2
21. Nc5 Rac8 22. Nxb7 Qxb7 23. Ne4 Nxe4 24. Rxe4 Rfd8 25. Rh4 Qd5 26. Reh1 g6
27. Qg4 Rc4 0-1

[Event "NAYCC U16"]
[Site "Kingston CAN"]
[Date "2019.08.16"]
[Round "2.154"]
[White "Zhao, Ian"]
[Black "Liang, Dustin"]
[Result "1/2-1/2"]
[WhiteElo "2210"]
[BlackElo "1885"]
[PlyCount "42"]
[EventDate "2019.08.16"]
[EventType "swiss"]
[EventRounds "9"]
[EventCountry "CAN"]

1. e4 c5 2. Nf3 d6 3. d4 cxd4 4. Nxd4 Nf6 5. Nc3 a6 6. h3 e6 7. g4 Be7 8. g5
Nfd7 9. Be3 b5 10. Rg1 Bb7 11. f3 Nc6 12. Qd2 Nde5 13. Be2 O-O 14. O-O-O Nxd4
15. Qxd4 Nc6 16. Qd2 Qa5 17. a3 b4 18. axb4 Nxb4 19. Kb1 d5 20. Qd4 Rfc8 21.
Qb6 Qxb6 1/2-1/2

[Event "NAYCC U16"]
[Site "Kingston CAN"]
[Date "2019.08.16"]
[Round "2.155"]
[White "Maycock Bates, David Henry"]
[Black "Rodrigue-Lemieux, Shawn"]
[Result "0-1"]
[WhiteElo "1851"]
[BlackElo "2199"]
[PlyCount "104"]
[EventDate "2019.08.16"]
[EventType "swiss"]
[EventRounds "9"]
[EventCountry "CAN"]

1. e4 c6 2. d4 d5 3. Nc3 dxe4 4. Nxe4 Nf6 5. Nxf6+ exf6 6. c3 Bd6 7. Bd3 O-O 8.
Qc2 Re8+ 9. Ne2 h5 10. O-O h4 11. h3 Nd7 12. Be3 Nf8 13. Nf4 Bb8 14. Rae1 Qd6
15. g3 hxg3 16. fxg3 Bxh3 17. Rf2 Bg4 18. Bf5 Bxf5 19. Qxf5 Qd7 20. Qh5 Bxf4
21. Rxf4 Ng6 22. Rf2 Re4 23. Rfe2 Rae8 24. Bf2 Rxe2 25. Rxe2 Rxe2 26. Qxe2 Qe6
27. Qxe6 fxe6 28. d5 exd5 29. Bxa7 Ne5 30. b3 Kf7 31. Bc5 Ke6 32. Bf8 g6 33.
Kf2 Kf5 34. Be7 Ke4 35. Ke2 f5 36. b4 b5 37. Bg5 Nf3 38. Bh6 d4 39. cxd4 Nxd4+
40. Kf2 Ne6 41. Bc1 Kd3 42. a3 Kc2 43. Be3 Kb2 44. g4 Kxa3 45. gxf5 gxf5 46.
Bd2 Kb3 47. Ke3 Kc4 48. Be1 Nd4 49. Kf4 Nc2 50. Bf2 Nxb4 51. Kxf5 Nd3 52. Bh4
b4 0-1

[Event "NAYCC U16"]
[Site "Kingston CAN"]
[Date "2019.08.16"]
[Round "2.156"]
[White "Shlyakhtenko, Robert"]
[Black "Chen, Andrew"]
[Result "1-0"]
[WhiteElo "2196"]
[BlackElo "1796"]
[PlyCount "65"]
[EventDate "2019.08.16"]
[EventType "swiss"]
[EventRounds "9"]
[EventCountry "CAN"]

1. d4 Nf6 2. c4 e6 3. Nc3 Bb4 4. f3 O-O 5. a3 Bxc3+ 6. bxc3 c5 7. e4 d5 8. cxd5
exd5 9. e5 Nfd7 10. f4 Re8 11. Nf3 Nc6 12. Bd3 f6 13. O-O c4 14. Bb1 Nf8 15.
Ra2 Bg4 16. h3 Bxf3 17. Qxf3 Qd7 18. Raf2 f5 19. g4 g6 20. Rg2 Kh8 21. Qg3 Ne7
22. Qh4 Qe6 23. Qf6+ Qxf6 24. exf6 Nc6 25. gxf5 Nd7 26. f7 Re7 27. fxg6 hxg6
28. Bxg6 Nd8 29. f5 Nf8 30. Bg5 Rxf7 31. Bxf7 Nxf7 32. Bf6+ Kh7 33. Rg7+ 1-0

[Event "NAYCC U16"]
[Site "Kingston CAN"]
[Date "2019.08.16"]
[Round "2.157"]
[White "Xiao, Edward"]
[Black "Yang, Kevin"]
[Result "1-0"]
[WhiteElo "1831"]
[BlackElo "2164"]
[PlyCount "55"]
[EventDate "2019.08.16"]
[EventType "swiss"]
[EventRounds "9"]
[EventCountry "CAN"]

1. e4 c6 2. d4 d5 3. Nd2 dxe4 4. Nxe4 Nd7 5. Ng5 e6 6. Bd3 Ngf6 7. N1f3 Bd6 8.
Qe2 h6 9. Ne4 Nxe4 10. Qxe4 Qc7 11. O-O b6 12. Qg4 Kf8 13. b3 Nf6 14. Qh4 Bb7
15. Re1 c5 16. dxc5 Qxc5 17. Bb2 Bxf3 18. Bxf6 gxf6 19. Qxf6 Bxh2+ 20. Kh1
Bxg2+ 21. Kxh2 Rg8 22. Re5 Bd5 23. Rg1 Rxg1 24. Kxg1 Qb4 25. c4 Bb7 26. Bg6 Ke8
27. Rxe6+ Kd7 28. Qxf7+ 1-0

[Event "NAYCC U16"]
[Site "Kingston CAN"]
[Date "2019.08.16"]
[Round "2.159"]
[White "Yang, Fan"]
[Black "Ramesh, Sanjay"]
[Result "1/2-1/2"]
[WhiteElo "2012"]
[BlackElo "1531"]
[PlyCount "42"]
[EventDate "2019.08.16"]
[EventType "swiss"]
[EventRounds "9"]
[EventCountry "CAN"]

1. e4 c6 2. d4 d5 3. exd5 cxd5 4. Bd3 Nc6 5. Nf3 Bg4 6. c3 e6 7. Nbd2 Bd6 8.
O-O Qc7 9. h3 Bh5 10. Re1 Nf6 11. a3 Rb8 12. Qc2 O-O 13. b3 b5 14. Bb2 a5 15.
c4 bxc4 16. bxc4 dxc4 17. Bxc4 Bg6 18. Qc3 Ne7 19. Ne5 Ned5 20. Bxd5 Nxd5 21.
Qxc7 Bxc7 1/2-1/2

[Event "NAYCC U16"]
[Site "Kingston CAN"]
[Date "2019.09.12"]
[Round "2.160"]
[White "Kochetkov, Maxim"]
[Black "Wang, Henry"]
[Result "0-1"]
[WhiteElo "1416"]
[BlackElo "2001"]
[PlyCount "142"]
[EventDate "2019.08.16"]
[EventType "swiss"]
[EventRounds "9"]
[EventCountry "CAN"]

1. d4 d5 2. Nf3 Nf6 3. Bf4 e6 4. e3 Bd6 5. Bg3 O-O 6. Bd3 b6 7. c3 c5 8. Nbd2
Ba6 9. Bxa6 Nxa6 10. Bxd6 Qxd6 11. O-O Nb8 12. Qc2 Nc6 13. Rfe1 e5 14. dxe5
Nxe5 15. Nxe5 Qxe5 16. Nf3 Qe4 17. Qxe4 dxe4 18. Nd2 Rad8 19. Rad1 Rde8 20. Nc4
Re7 21. Nd6 g6 22. Kf1 Kg7 23. Ke2 Ng4 24. h3 Ne5 25. Rd2 f5 26. Red1 Kh6 27.
b3 g5 28. Nc4 Nd3 29. Nb2 Ne5 30. Nc4 Ng6 31. Rd7 Ref7 32. Rxf7 Rxf7 33. Nd6
Rf6 34. Nc4 f4 35. Rd6 f3+ 36. gxf3 exf3+ 37. Ke1 Rxd6 38. Nxd6 Ne5 39. Nc8
Nd3+ 40. Kf1 Nc1 41. Nxa7 Nxa2 42. Nc8 b5 43. c4 b4 44. Nb6 Nc1 45. Na4 Nxb3
46. Ke1 Kh5 47. e4 Kh4 48. e5 Nd4 49. Nxc5 Kxh3 50. Nb3 Nc6 51. e6 Kg4 52. Kf1
Kf4 53. Nd4 Ne7 54. c5 Ke4 55. Nb3 Kd5 56. Ke1 Kxe6 57. Nd4+ Kd5 58. Nxf3 h6
59. Kd2 Kxc5 60. Ne5 Kd4 61. Nf7 Nf5 62. Kc2 Ke4 63. Kd2 b3 64. Kc3 Kf3 65.
Ne5+ Kxf2 66. Kxb3 h5 67. Kc3 g4 68. Nd3+ Ke3 69. Ne1 h4 70. Ng2+ Kf2 71. Nf4
h3 0-1

[Event "NAYCC U16"]
[Site "Kingston CAN"]
[Date "2019.08.16"]
[Round "2.161"]
[White "Chen, Benjamin"]
[Black "Cao, Bruce"]
[Result "1-0"]
[WhiteElo "1972"]
[BlackElo "1359"]
[PlyCount "157"]
[EventDate "2019.08.16"]
[EventType "swiss"]
[EventRounds "9"]
[EventCountry "CAN"]

1. d4 Nf6 2. c4 d6 3. Nc3 g6 4. e4 Bg7 5. Bd3 e5 6. d5 O-O 7. Nge2 Nbd7 8. Bc2
Ne8 9. O-O f5 10. exf5 gxf5 11. f4 e4 12. Be3 Nef6 13. h3 Kh8 14. b4 b6 15. Nd4
Nb8 16. Qd2 Bd7 17. Bb3 Nh5 18. Rac1 Qe7 19. Ncb5 Rc8 20. Rfd1 a6 21. Nc3 Qh4
22. Ne6 Qe7 23. Ne2 c5 24. bxc5 Bxe6 25. cxd6 Qxd6 26. dxe6 Qxe6 27. c5 Qe7 28.
cxb6 Nc6 29. Qd7 Qxd7 30. Rxd7 Na5 31. Rcc7 Rxc7 32. bxc7 Bf6 33. Bd4 Nc6 34.
Bxf6+ Nxf6 35. Rd6 Ne8 36. Rxc6 Rc8 37. Nd4 a5 38. Nxf5 a4 39. Bxa4 e3 40. Nxe3
h5 41. Nd5 h4 42. Bc2 Nf6 43. Rxf6 Kg7 44. Bf5 Rd8 45. cxd8=N Kh8 46. Rf7 Kg8
47. a4 Kh8 48. a5 Kg8 49. a6 Kh8 50. a7 Kg8 51. a8=N Kh8 52. Rh7+ Kg8 53. Rxh4
Kg7 54. Rg4+ Kf8 55. Ne6+ Kf7 56. h4 Ke8 57. h5 Kf7 58. h6 Ke8 59. h7 Kf7 60.
h8=N+ Ke8 61. Nac7+ Kd7 62. Rg7+ Kc6 63. Nf7 Kb7 64. Ned8+ Kb8 65. Nd6 Ka7 66.
g4 Kb8 67. g5 Ka7 68. Re7 Kb8 69. Be6 Ka7 70. g6 Kb8 71. g7 Ka7 72. f5 Kb8 73.
f6 Ka7 74. f7 Kb8 75. f8=N Ka7 76. g8=N Kb8 77. Ng6 Ka7 78. Ne5 Kb8 79. Nec6#
1-0

[Event "NAYCC U16"]
[Site "Kingston CAN"]
[Date "2019.08.16"]
[Round "2.162"]
[White "Wei, Daniel"]
[Black "Chin, Jonathan"]
[Result "0-1"]
[WhiteElo "1788"]
[BlackElo "1921"]
[PlyCount "52"]
[EventDate "2019.08.16"]
[EventType "swiss"]
[EventRounds "9"]
[EventCountry "CAN"]

1. e4 c5 2. Nf3 Nc6 3. c3 Nf6 4. e5 Nd5 5. d4 cxd4 6. cxd4 d6 7. Bc4 Nb6 8. Bb5
Bd7 9. exd6 e6 10. Ne5 Nxe5 11. dxe5 Bxb5 12. Nc3 Bc6 13. O-O Qh4 14. Qe2 Qc4
15. Qh5 Nd5 16. Bd2 g6 17. Qg5 h6 18. Qg3 Nxc3 19. Bxc3 Bg7 20. b3 Qe4 21. Rfe1
Qf5 22. Rac1 O-O 23. Ba5 Rac8 24. Red1 Bxe5 25. Qh4 Bxh2+ 26. Kxh2 Qxa5 0-1

[Event "NAYCC U16"]
[Site "Kingston CAN"]
[Date "2019.08.16"]
[Round "2.163"]
[White "Mart, Aidan"]
[Black "Wang, Alex"]
[Result "0-1"]
[WhiteElo "1247"]
[BlackElo "770"]
[PlyCount "56"]
[EventDate "2019.08.16"]
[EventType "swiss"]
[EventRounds "9"]
[EventCountry "CAN"]

1. e4 c5 2. Nf3 Nc6 3. d4 cxd4 4. Nxd4 Nf6 5. Nc3 e5 6. Nf3 Bb4 7. Bd3 d5 8.
exd5 Nxd5 9. Bd2 Nxc3 10. bxc3 Bc5 11. O-O Be6 12. Re1 f6 13. Be3 Bxe3 14. Rxe3
O-O 15. Nd2 Qd7 16. Rg3 f5 17. Rh3 e4 18. Bc4 Bxc4 19. Nxc4 Qxd1+ 20. Rxd1 Rad8
21. Nb2 Rxd1+ 22. Nxd1 Rd8 23. Nb2 Rd2 24. Kf1 Rxc2 25. Nc4 Rxa2 26. Nd6 Ne5
27. Nxf5 Nd3 28. f3 Ra1+ 0-1

[Event "NAYCC U16"]
[Site "Kingston CAN"]
[Date "2019.08.16"]
[Round "2.164"]
[White "Chen, Alex"]
[Black "Wang, Elon"]
[Result "1-0"]
[WhiteElo "1796"]
[BlackElo "1601"]
[PlyCount "63"]
[EventDate "2019.08.16"]
[EventType "swiss"]
[EventRounds "9"]
[EventCountry "CAN"]

1. e4 d6 2. d4 Nf6 3. Nc3 g6 4. f4 Bg7 5. Bd3 O-O 6. Nf3 c5 7. dxc5 dxc5 8. e5
Nd5 9. Nxd5 Qxd5 10. Qe2 Bf5 11. Bxf5 gxf5 12. O-O Nc6 13. Rd1 Qe6 14. Ng5 Qg6
15. Be3 Bh6 16. Nf3 b6 17. Nh4 Qg4 18. Qxg4+ fxg4 19. Nf5 Bg7 20. Kf2 f6 21. e6
Rfe8 22. Kg3 h5 23. Bf2 Kh7 24. Kh4 Kg6 25. Nxg7 Kxg7 26. f5 Ne5 27. Rd5 Rad8
28. Rad1 Rxd5 29. Rxd5 Kh6 30. b3 Rh8 31. Bg3 Kg7 32. Rxe5 1-0

[Event "NAYCC U16"]
[Site "Kingston CAN"]
[Date "2019.08.16"]
[Round "2.165"]
[White "Vasic, Maxim"]
[Black "Ning, Alwin"]
[Result "0-1"]
[WhiteElo "1862"]
[BlackElo "1476"]
[PlyCount "100"]
[EventDate "2019.08.16"]
[EventType "swiss"]
[EventRounds "9"]
[EventCountry "CAN"]

1. d4 d5 2. c4 c6 3. Nf3 Nf6 4. Nc3 e6 5. Bg5 Nbd7 6. e3 Qa5 7. Nd2 dxc4 8.
Bxf6 Nxf6 9. Nxc4 Qd8 10. Be2 c5 11. Ne5 a6 12. Qa4+ Bd7 13. Nxd7 Nxd7 14. dxc5
Bxc5 15. O-O-O Qc8 16. Rxd7 b5 17. Bxb5 axb5 18. Qxb5 Qxd7 19. Qxc5 Rc8 20. Qb4
Qe7 21. Qxe7+ Kxe7 22. Rd1 Rhd8 23. Rxd8 Rxd8 24. b4 e5 25. a4 Rb8 26. Kc2 Kd6
27. Kb3 Kc6 28. b5+ Kc5 29. Ne4+ Kd5 30. f3 f5 31. Nd2 Kc5 32. Nc4 e4 33. fxe4
fxe4 34. Nd2 Rd8 35. Kc3 Rd5 36. Nb3+ Kb6 37. Kc4 Rg5 38. a5+ Ka7 39. b6+ Ka8
40. Nc5 Rxg2 41. a6 Rxh2 42. Ne6 Ra2 43. Nc7+ Kb8 44. a7+ Kb7 45. Kd4 Kxb6 46.
Ne6 Rxa7 47. Kxe4 Kc6 48. Nd4+ Kd7 49. Kf4 Ra4 50. Kg5 Rxd4 0-1

[Event "NAYCC U16"]
[Site "Kingston CAN"]
[Date "2019.08.16"]
[Round "2.166"]
[White "Tinica, Gabriel"]
[Black "Bilodeau-Savaria, Carl-William"]
[Result "1-0"]
[WhiteElo "1776"]
[BlackElo "1447"]
[PlyCount "69"]
[EventDate "2019.08.16"]
[EventType "swiss"]
[EventRounds "9"]
[EventCountry "CAN"]

1. d4 e6 2. Bf4 d5 3. e3 Nf6 4. Nf3 Bd6 5. Bg3 O-O 6. Bd3 c5 7. c3 Nc6 8. Nbd2
c4 9. Bc2 b5 10. Ne5 Ne7 11. Qe2 Bb7 12. Bh4 Ng6 13. Bxf6 gxf6 14. Nxg6 fxg6
15. h4 Kf7 16. h5 Rh8 17. e4 dxe4 18. Bxe4 Bxe4 19. Nxe4 Be7 20. O-O Qd5 21.
Rfe1 Rag8 22. h6 g5 23. Nc5 Bxc5 24. dxc5 Qf5 25. Rad1 e5 26. a4 a6 27. Rd6 Qc8
28. c6 Rd8 29. Rxf6+ Kxf6 30. Qxe5+ Kg6 31. Qg7+ Kh5 32. Qf7+ Kh4 33. g3+ Kg4
34. Re4+ Kh3 35. Qh5# 1-0

[Event "NAYCC U16"]
[Site "Kingston CAN"]
[Date "2019.08.16"]
[Round "2.167"]
[White "Jeyakumar, Yathushan"]
[Black "Ju, Lawrence"]
[Result "0-1"]
[WhiteElo "1442"]
[BlackElo "1764"]
[PlyCount "90"]
[EventDate "2019.08.16"]
[EventType "swiss"]
[EventRounds "9"]
[EventCountry "CAN"]

1. e4 c5 2. c3 Nc6 3. d4 cxd4 4. cxd4 g6 5. Nf3 Bg7 6. Bc4 d6 7. h3 Nf6 8. Nc3
Qb6 9. Bb3 O-O 10. O-O Bd7 11. Be3 Qc7 12. Rc1 Qd8 13. Qd2 e5 14. d5 Ne7 15.
Qd3 a6 16. a4 Nh5 17. Ne2 f5 18. exf5 gxf5 19. Nh2 f4 20. Bd2 Bf5 21. Qf3 Qe8
22. Nc3 Qg6 23. Rfe1 Nf6 24. Bxf4 Nh5 25. Be3 e4 26. Qe2 Bxh3 27. f3 Nf5 28.
Qd2 Nxe3 29. Rxe3 Bd4 30. Rce1 exf3 31. Nxf3 Rxf3 32. Kh1 Bxe3 33. gxf3 Bxd2
34. Rg1 Qxg1+ 35. Kxg1 Bxc3 36. bxc3 Rc8 37. c4 Bf5 38. Kf2 Bd3 39. Ke3 Bxc4
40. Bxc4 Rxc4 41. f4 Rxf4 42. Kd3 Rxa4 43. Kc3 Nf4 44. Kb3 b5 45. Kc2 h5 0-1

[Event "NAYCC U16"]
[Site "Kingston CAN"]
[Date "2019.08.16"]
[Round "2.168"]
[White "Du, Daniel"]
[Black "Wang, Collin"]
[Result "1-0"]
[WhiteElo "1695"]
[BlackElo "1229"]
[PlyCount "65"]
[EventDate "2019.08.16"]
[EventType "swiss"]
[EventRounds "9"]
[EventCountry "CAN"]

1. c4 e5 2. g3 Nf6 3. Nc3 Bb4 4. Bg2 d6 5. Qa4+ Bd7 6. Qxb4 Nc6 7. Qb3 O-O 8.
Nf3 Na5 9. Qb4 c5 10. Qa3 Nxc4 11. Qb3 Na5 12. Qc2 Bc6 13. d3 h6 14. O-O Re8
15. a3 b6 16. b4 Nb7 17. b5 Bd7 18. Nxe5 Rxe5 19. Bxb7 Rb8 20. Bg2 Rh5 21. Ne4
Nxe4 22. Bxe4 Qc8 23. f4 Bxb5 24. Bf3 Rh3 25. Bb2 h5 26. Qc3 Kf8 27. Qxg7+ Ke8
28. Bd5 Qf5 29. e4 Qg6 30. Qxg6 fxg6 31. Be6 Bd7 32. Bxd7+ Kxd7 33. Kg2 1-0

[Event "NAYCC U16"]
[Site "Kingston CAN"]
[Date "2019.08.16"]
[Round "2.169"]
[White "Pride, Curtis"]
[Black "Liao, Joseph"]
[Result "0-1"]
[WhiteElo "1163"]
[BlackElo "1694"]
[PlyCount "174"]
[EventDate "2019.08.16"]
[EventType "swiss"]
[EventRounds "9"]
[EventCountry "CAN"]

1. e4 e6 2. d4 d5 3. exd5 exd5 4. Nc3 c6 5. Bd3 Bd6 6. h3 Ne7 7. Nf3 O-O 8. O-O
Bf5 9. Bxf5 Nxf5 10. Ne2 Qc7 11. Qd3 Ne7 12. g3 Ng6 13. Be3 Nd7 14. h4 Nf6 15.
Bg5 Ne4 16. Kg2 f5 17. c4 h6 18. h5 hxg5 19. hxg6 f4 20. c5 Be7 21. gxf4 gxf4
22. Ne5 Ng5 23. Nf3 Qc8 24. Nxg5 Qg4+ 25. Kh2 Bxg5 26. Qh3 Qxh3+ 27. Kxh3 Rae8
28. Ng1 Re6 29. Nf3 Rxg6 30. Rg1 Rh6+ 31. Kg4 Bd8 32. Ne5 Rh4+ 33. Kf3 Rh3+ 34.
Kg2 Rh5 35. Ng6 Rf6 36. Kf3 Rh3+ 37. Ke2 Re6+ 38. Kd2 Re4 39. Kc2 Rxd4 40. Rae1
Kf7 41. Ne5+ Kf8 42. Nd7+ Kf7 43. Ne5+ Kf6 44. Ng4+ Kf7 45. Ne5+ Kg8 46. f3 Ba5
47. Rd1 Rh2+ 48. Kb1 Rb4 49. Nd3 Rd4 50. a3 Rd2 51. b4 R2xd3 52. Rxd3 Rxd3 53.
bxa5 Rxf3 54. Kc2 Rxa3 55. Rf1 g5 56. Rg1 Rg3 57. Rb1 Ra3 58. Rg1 Kf7 59. Rxg5
Kf6 60. Rg8 Rxa5 61. Rf8+ Ke5 62. Kd2 Rxc5 63. Ke2 a5 64. Rb8 b5 65. Kf3 Rc3+
66. Kg4 Rg3+ 67. Kh5 a4 68. Rb6 Rc3 69. Kh4 a3 70. Ra6 b4 71. Kg4 Rg3+ 72. Kh4
b3 73. Rxa3 b2 74. Rxg3 fxg3 75. Kxg3 b1=Q 76. Kf3 Qf1+ 77. Ke3 Qf4+ 78. Kd3
Qe4+ 79. Kd2 Qf3 80. Kc2 Qe3 81. Kb2 Qd3 82. Ka2 Qb5 83. Ka1 d4 84. Ka2 d3 85.
Ka3 d2 86. Ka2 d1=R 87. Ka3 Ra1# 0-1

[Event "NAYCC U16"]
[Site "Kingston CAN"]
[Date "2019.08.16"]
[Round "2.170"]
[White "Yang, Brian"]
[Black "Lam, Eric"]
[Result "1-0"]
[WhiteElo "1626"]
[BlackElo "1093"]
[PlyCount "55"]
[EventDate "2019.08.16"]
[EventType "swiss"]
[EventRounds "9"]
[EventCountry "CAN"]

1. e4 c5 2. Nf3 Nc6 3. d4 cxd4 4. Nxd4 d6 5. c4 Nf6 6. Nc3 Bd7 7. Be2 a6 8. Be3
e6 9. O-O Be7 10. Qd2 O-O 11. f3 Rc8 12. Rfd1 Qc7 13. a3 Ne5 14. Rac1 Nxc4 15.
Bxc4 Qxc4 16. Nd5 exd5 17. Rxc4 dxc4 18. g4 Kh8 19. Nf5 Bd8 20. Nxd6 Rc6 21. e5
Bc7 22. Nxc4 Rxc4 23. exf6 Bc6 24. fxg7+ Kxg7 25. Bh6+ Kf6 26. Qg5+ Ke6 27.
Qf5+ Ke7 28. Bg5+ 1-0

[Event "NAYCC U16"]
[Site "Kingston CAN"]
[Date "2019.08.16"]
[Round "2.171"]
[White "Vigil, Enrique"]
[Black "Parsheh, Arshia"]
[Result "0-1"]
[WhiteElo "1003"]
[BlackElo "1608"]
[PlyCount "66"]
[EventDate "2019.08.16"]
[EventType "swiss"]
[EventRounds "9"]
[EventCountry "CAN"]

1. e4 e6 2. d4 d5 3. Nc3 Nf6 4. e5 Nfd7 5. Nf3 c5 6. b3 Nc6 7. Be3 cxd4 8. Bxd4
Qa5 9. Be2 Nxd4 10. Nxd4 Qxc3+ 11. Kf1 Bc5 12. Nb5 Qa5 13. Nd6+ Bxd6 14. exd6
Qb6 15. c4 Qxd6 16. cxd5 Qxd5 17. Qc2 O-O 18. h4 b6 19. h5 Bb7 20. Bf3 Qb5+ 21.
Be2 Qc6 22. Bf3 Qxc2 23. Bxb7 Rad8 24. g3 Nc5 25. Bf3 Qc3 26. Kg2 Rd2 27. b4
Nd3 28. Raf1 Qd4 29. Rh4 Rxf2+ 30. Rxf2 Qxf2+ 31. Kh3 Qxf3 32. Rf4 Nxf4+ 33.
Kh4 Qxh5# 0-1

[Event "NAYCC U16"]
[Site "Kingston CAN"]
[Date "2019.08.17"]
[Round "3.153"]
[White "Talukdar, Rohan"]
[Black "Idnani, Roshan"]
[Result "1/2-1/2"]
[WhiteElo "2399"]
[BlackElo "2034"]
[PlyCount "76"]
[EventDate "2019.08.16"]
[EventType "swiss"]
[EventRounds "9"]
[EventCountry "CAN"]

1. e4 c5 2. Nf3 d6 3. d4 cxd4 4. Nxd4 Nf6 5. Nc3 a6 6. Be3 e5 7. Nb3 Be6 8. f3
Be7 9. Qd2 Nbd7 10. g4 O-O 11. O-O-O b5 12. g5 b4 13. Ne2 Ne8 14. f4 a5 15. f5
a4 16. fxe6 axb3 17. cxb3 fxe6 18. Bh3 Rxa2 19. Bxe6+ Kh8 20. Ng3 Nc7 21. Bc4
Qa8 22. Rhf1 Ra1+ 23. Kc2 Rxf1 24. Rxf1 Rxf1 25. Bxf1 d5 26. Qf2 Qf8 27. Qxf8+
Bxf8 28. exd5 Nxd5 29. Bd2 Bc5 30. Bc4 Nf4 31. Ne4 Be7 32. Be3 h6 33. Bb5 Nf8
34. gxh6 gxh6 35. Bc5 N8g6 36. Be8 Kg7 37. Nd6 Kf6 38. Bxg6 Nxg6 1/2-1/2

[Event "NAYCC U16"]
[Site "Kingston CAN"]
[Date "2019.08.17"]
[Round "3.154"]
[White "Rodrigue-Lemieux, Shawn"]
[Black "Chen, Benjamin"]
[Result "1-0"]
[WhiteElo "2199"]
[BlackElo "1972"]
[PlyCount "93"]
[EventDate "2019.08.16"]
[EventType "swiss"]
[EventRounds "9"]
[EventCountry "CAN"]

1. a3 d5 2. Nf3 Nf6 3. e3 g6 4. Be2 Bg7 5. O-O O-O 6. d4 Nbd7 7. b4 c6 8. Bb2
a5 9. Nbd2 Re8 10. c4 axb4 11. axb4 Rxa1 12. Bxa1 dxc4 13. Nxc4 Nd5 14. Qb3
N7f6 15. Rc1 Be6 16. Ng5 Bf5 17. b5 h6 18. Nf3 cxb5 19. Qxb5 b6 20. Nfe5 Bd7
21. Qb3 Qc7 22. Bb2 Be6 23. h3 Rc8 24. Bf3 Qb8 25. Qb5 Qa7 26. Nd3 Bd7 27. Qb3
b5 28. Nce5 Rxc1+ 29. Bxc1 e6 30. Nxd7 Qxd7 31. Ba3 Bf8 32. Nc5 Qa7 33. e4 Nb6
34. Bb2 Nc4 35. Qb4 Nxb2 36. Qxb2 Bxc5 37. dxc5 Nd7 38. c6 Nb8 39. e5 Qc7 40.
Qd2 Nxc6 41. Qc1 Qxe5 42. Bxc6 g5 43. g3 Qd4 44. Bf3 f5 45. Qc8+ Kf7 46. Bh5+
Ke7 47. Qe8+ 1-0

[Event "NAYCC U16"]
[Site "Kingston CAN"]
[Date "2019.08.17"]
[Round "3.155"]
[White "Wang, Henry"]
[Black "Shlyakhtenko, Robert"]
[Result "1/2-1/2"]
[WhiteElo "2001"]
[BlackElo "2198"]
[PlyCount "113"]
[EventDate "2019.08.16"]
[EventType "swiss"]
[EventRounds "9"]
[EventCountry "CAN"]

1. c4 e5 2. g3 c6 3. Nf3 e4 4. Nd4 d5 5. cxd5 Qxd5 6. Nc2 Nf6 7. Nc3 Qh5 8. Ne3
Bc5 9. Qc2 Bxe3 10. dxe3 Bf5 11. Bg2 Qg6 12. b3 O-O 13. Bb2 Na6 14. a3 Rfe8 15.
b4 h5 16. h4 Nc7 17. Na4 Ncd5 18. Bd4 Ng4 19. O-O a5 20. Nb6 Nxb6 21. Bxb6 Ne5
22. Qc3 Bg4 23. Qc2 Qe6 24. bxa5 Ng6 25. Qxe4 Qxe4 26. Bxe4 Rxe4 27. f3 Rc4 28.
fxg4 Rxg4 29. Kh2 Ne7 30. Rf4 Nd5 31. Rxg4 hxg4 32. a4 Ra6 33. Bd8 Ra8 34. Bb6
Ra6 35. Bd8 Nxe3 36. Rb1 Ra8 37. Bc7 Nd5 38. Rxb7 Nxc7 39. Rxc7 Re8 40. a6
Rxe2+ 41. Kg1 Re8 42. a7 Ra8 43. Rb7 Kh7 44. Kf2 f5 45. Ke3 c5 46. Kf4 Kg6 47.
h5+ Kf6 48. Rb6+ Kf7 49. Kxf5 Rxa7 50. Rc6 Rxa4 51. Rxc5 Kg8 52. Kg6 Ra6+ 53.
Kg5 Ra4 54. Rf5 Kh7 55. Rf7 Ra5+ 56. Rf5 Ra4 57. Rf7 1/2-1/2

[Event "NAYCC U16"]
[Site "Kingston CAN"]
[Date "2019.08.17"]
[Round "3.156"]
[White "Chin, Jonathan"]
[Black "Xiao, Edward"]
[Result "1/2-1/2"]
[WhiteElo "1921"]
[BlackElo "1831"]
[PlyCount "99"]
[EventDate "2019.08.16"]
[EventType "swiss"]
[EventRounds "9"]
[EventCountry "CAN"]

1. e4 c5 2. Nf3 d6 3. d4 cxd4 4. Nxd4 Nf6 5. Nc3 a6 6. h3 e5 7. Nde2 h5 8. g3
Be6 9. Bg2 b5 10. O-O Nbd7 11. Nd5 Nxd5 12. exd5 Bf5 13. Be3 Rc8 14. c3 Nb6 15.
b3 Be7 16. f4 g6 17. Rc1 Nd7 18. Qd2 Nc5 19. Rcd1 f6 20. Kh2 Ne4 21. Bxe4 Bxe4
22. fxe5 fxe5 23. Ng1 Qc7 24. Rc1 Qb7 25. c4 bxc4 26. bxc4 Rf8 27. Rxf8+ Bxf8
28. Ne2 Rb8 29. Nc3 Bf5 30. Rd1 Qb2 31. Na4 Qc2 32. Nb6 Be7 33. Qxc2 Bxc2 34.
Rd2 Bd8 35. Rxc2 Bxb6 36. Rb2 Ba7 37. Rxb8+ Bxb8 38. Kg2 Kf7 39. g4 Bc7 40. g5
Ke7 41. Kf3 Kd7 42. Ke4 Bd8 43. c5 dxc5 44. Kxe5 c4 45. h4 c3 46. Bc1 Be7 47.
Kd4 Bb4 48. Kc4 Ba5 49. Kd4 c2 50. Ke5 1/2-1/2

[Event "NAYCC U16"]
[Site "Kingston CAN"]
[Date "2019.08.17"]
[Round "3.157"]
[White "Ramesh, Sanjay"]
[Black "Zhao, Ian"]
[Result "1-0"]
[WhiteElo "1531"]
[BlackElo "2210"]
[PlyCount "91"]
[EventDate "2019.08.16"]
[EventType "swiss"]
[EventRounds "9"]
[EventCountry "CAN"]

1. d4 Nf6 2. c4 e6 3. Nc3 Bb4 4. Qc2 d5 5. cxd5 Qxd5 6. Nf3 Qf5 7. Qxf5 exf5 8.
Bd2 c6 9. e3 Nbd7 10. Bd3 Nb6 11. O-O O-O 12. a3 Bd6 13. b4 Be6 14. b5 Bc4 15.
Bxc4 Nxc4 16. bxc6 bxc6 17. a4 Nd5 18. Rfc1 Ba3 19. Nxd5 cxd5 20. Rxc4 dxc4 21.
Rxa3 Rab8 22. Kf1 Rb3 23. Bc1 Rfb8 24. Ke2 R8b4 25. Rxb3 cxb3 26. Bb2 Rc4 27.
Ne1 Rxa4 28. Kd3 Rb4 29. Kc3 Rb5 30. Nd3 f6 31. Nc5 Kf7 32. Nxb3 Ke6 33. Kc4
Rb6 34. Ba3 Rc6+ 35. Bc5 Kd7 36. Kb5 Rc7 37. Na5 Ke6 38. Kc4 Kd7 39. d5 a6 40.
d6 Rc8 41. Kd5 Rb8 42. Nc4 Rb5 43. Nb6+ Kd8 44. Kc6 Rb2 45. Nd5 Rc2 46. Nf4 1-0